000 00728nam a2200229Ia 4500
001 8533
003 GE_BSU
008 181216s||||||||xx |||||||||||||| ||und||
040 _cGE_BSU
080 _a821.353.1-31
100 _aზედგინიძე,ელიზბარ
245 _aუბატონო ქვეყანა
245 _bრომანი
245 _cრედ.მ.ჯაფარიძე, მხატვ. ლ.ღვინჯილია
260 _aთბილისი
260 _bმერანი
260 _c1975
300 _a262გვ.1ფ. პორტრ.20სმ.
653 _aრომანი
653 _aუბატონო ქვეყანა
942 _cBK
999 _c41850
_d41850